000 00361 a2200157 4500
001 61199
020 _a9783126759410
040 _cAnchieta - Pituba
100 _aEsterl, Ursula
240 1 0 _aTeam deutsch 1
_lpor
245 1 0 _aTeam deutsch 1
300 _a151
362 0 _a2008
650 4 _aLínguas germânicas (teutônicas) língua alemã
942 _cBK
999 _c61199
_d61199